[Event "NRW Class1 1011"]
[Site "Germany"]
[Date "2011.03.13"]
[Round "8.3"]
[White "Ruecker, Bastian"]
[Black "Werthebach, Felix"]
[Result "0-1"]
[WhiteElo "1876"]
[BlackElo "2161"]
[PlyCount "86"]
[EventDate "2010.09.26"]
[EventType "team-tourn"]
[EventRounds "9"]
[EventCountry "GER"]
[SourceTitle "EXT 2012"]
[Source "ChessBase"]
[SourceDate "2011.11.24"]
[SourceVersion "1"]
[SourceVersionDate "2011.11.24"]
[SourceQuality "1"]
[WhiteTeam "Brackweda"]
[BlackTeam "Bochum II"]
[WhiteTeamCountry "GER"]
[BlackTeamCountry "GER"]

1. d4 f5 2. g3 Nf6 3. Bg2 g6 4. c4 Bg7 5. Nc3 d6 6. f4 0-0 7. Nf3 c6 8. 0-0 Nbd7 9. b3 h6 10. Ba3 Qa5 11. Qc1 Ne4 12. Bb2 Nxc3 13. Bxc3 Qb6 14. Kh1 Nf6 15. e3 Be6 16. Qc2 Bf7 17. Rad1 Qc7 18. Nd2 d5 19. c5 e6 20. b4 a6 21. a4 g5 22. a5 Bh5 23. Bf3 Qf7 24. Qd3 Bxf3+ 25. Nxf3 Qh5 26. Qe2 g4 27. Ng1 Qg6 28. Be1 Kf7 29. Qc2 Rh8 30. Ne2 h5 31. Kg2 Rh7 32. Rh1 Rah8 33. Bf2 h4 34. Rdg1 Ne4 35. Nc3 hxg3 36. Nxe4 Rxh2+ 37. Rxh2 Rxh2+ 38. Kf1 dxe4 39. Rxg3 Qh5 40. Rg2 Rh3 41. Bg3 Bf6 42. Qf2 Bh4 43. Bxh4 Rf3 0-1

[Event "NRW Class1 1011"]
[Site "Germany"]
[Date "2010.11.28"]
[Round "3.3"]
[White "Ruecker, Bastian"]
[Black "Auer, Martin"]
[Result "1/2-1/2"]
[WhiteElo "1876"]
[BlackElo "2311"]
[PlyCount "55"]
[EventDate "2010.09.26"]
[EventType "team-tourn"]
[EventRounds "9"]
[EventCountry "GER"]
[SourceTitle "EXT 2012"]
[Source "ChessBase"]
[SourceDate "2011.11.24"]
[SourceVersion "1"]
[SourceVersionDate "2011.11.24"]
[SourceQuality "1"]
[WhiteTeam "Brackweda"]
[BlackTeam "Solingen III"]
[WhiteTeamCountry "GER"]
[BlackTeamCountry "GER"]

1. d4 Nf6 2. Bg5 e6 3. e4 c5 4. Bxf6 Qxf6 5. c3 Qd8 6. Nf3 Be7 7. Nbd2 0-0 8. Bd3 d5 9. exd5 Qxd5 10. Be4 Qd8 11. 0-0 Nd7 12. Nc4 Nf6 13. Bc2 b6 14. Re1 Bb7 15. Qd3 cxd4 16. Nxd4 Qd5 17. Ne3 Qa5 18. Qe2 Rad8 19. Nf3 Qh5 20. Nd4 Qc5 21. Nef5 Bd6 22. Nxd6 Rxd6 23. Rad1 Rfd8 24. Nf3 g6 25. Rxd6 Rxd6 26. Rd1 Kg7 27. Qe5 Qxe5 28. Nxe5 1/2-1/2

[Event "Dortmund Sparkassen op-B"]
[Site "Dortmund"]
[Date "2006.08.04"]
[Round "7"]
[White "Dreesbach, Tobias"]
[Black "Ruecker, Bastian"]
[Result "0-1"]
[WhiteElo "1478"]
[BlackElo "1282"]
[PlyCount "120"]
[EventDate "2006.07.28"]
[EventType "swiss"]
[EventRounds "9"]
[EventCountry "GER"]
[SourceTitle "CBM 113 Extra"]
[Source "ChessBase"]
[SourceDate "2006.09.14"]
[SourceVersion "1"]
[SourceVersionDate "2006.09.14"]
[SourceQuality "1"]

1. e4 e5 2. Nf3 Nc6 3. d4 exd4 4. Nxd4 Nxd4 5. Qxd4 d6 6. Nc3 Be6 7. Be3 Nf6 8. Be2 Be7 9. 0-0 0-0 10. Rad1 Qd7 11. Bc4 c5 12. Qd3 a6 13. Bg5 Rad8 14. Bxe6 fxe6 15. f4 Ne8 16. Bxe7 Qxe7 17. g3 b5 18. b3 Qa7 19. Rf2 Nc7 20. Qe3 a5 21. Rfd2 Qa6 22. e5 d5 23. Qxc5 Qb7 24. Qe3 b4 25. Na4 Nb5 26. Nc5 Qe7 27. Rf1 d4 28. Qe2 Qxc5 29. Kh1 Rd7 30. g4 Nc3 31. Qe1 Nxa2 32. Rdf2 Re7 33. h4 Nc3 34. Kh2 a4 35. bxa4 Nxa4 36. Rd2 Nb6 37. Qe4 Qd5 38. Qe2 Nd7 39. Qd1 Rc8 40. Rxd4 Rxc2+ 41. Qxc2 Qxd4 42. Kg3 Qc3+ 43. Qxc3 bxc3 44. Ra1 Nc5 45. Ra8+ Kf7 46. Rc8 Na4 47. Rc4 Ra7 48. Kf3 Ke7 49. Ke4 Kd7 50. Kd4 Rc7 51. Rxc7+ Kxc7 52. Kd3 Kc6 53. Ke2 Kd5 54. Kd3 c2 55. Kxc2 Ke4 56. f5 Kxe5 57. Kb3 exf5 58. gxf5 Kxf5 59. Kxa4 Kg4 60. Kb3 Kxh4 0-1